Statistiken für Der größte Landkreis in jedem Bundesland

Klicken Sie hier um das Quiz zu spielen!

Allgemein

  • Dieses Quiz wurde 35 mal gespielt
  • Das Durchschnittsergebnis liegt bei 11 aus 39

Antwortstatistiken

BundeslandFlächeLandkreisHauptstadt% Korrekt
Niedersachsen2.297km²Region Hannover...
59%
Niedersachsen2.883km²Landkreis EmslandMeppen
47%
Mecklenburg-Vorpommern5.495km²Landkreis Mecklenburgische SeenplatteNeubrandenburg
44%
Sachsen2.116km²MittelsachsenFreiberg
44%
Sachsen2.395km²Landkreis Bautzen...
41%
Brandenburg2.592km²Landkreis Potsdam-Mittelmark...
38%
Saarland459km²Landkreis Saarlouis...
38%
Mecklenburg-Vorpommern3.945km²Landkreis Vorpommern-Greifswald...
38%
Baden-Württemberg1.860km²OrtenaukreisOffenburg
38%
Sachsen2.111km²Landkreis Görlitz...
34%
Schlwswig-Holstein2.071km²Landkreis Schleswig-Flensburg...
34%
NRW1.960km²HochsauerlandkreisMeschede
31%
Bayern1.971km²Landkreis Ansbach...
31%
Mecklenburg-Vorpommern4.766km²Landkreis Ludwigslust-Parchim...
31%
Saarland555km²Landkreis Merzig-Wadern...
31%
Schlwswig-Holstein2.083km²Landkreis NordfrieslandHusum
31%
Saarland476km²Landkreis St.Wendel...
31%
Brandenburg3.077km²Landkreis UckermarkPrenzlau
31%
Rheinland-Pfalz1.626km²Eifelkreis Bitburg-Prüm...
28%
Brandenburg2.526km²Landkreis Ostprignitz-RuppinNeuruppin
28%
Sachsen-Anhalt2.424km²Landkreis Stendal...
28%
Baden-Württemberg1.632km²Landkreis Ravensburg...
25%
Thüringen1.151km²Saale-Orla-KreisSchleiz
25%
NRW1.420km²Kreis Borken...
22%
Thüringen1.251km²Kreis Schmalkalden-Meiningen
...
22%
NRW1.795km²Kreis Steinfurt...
22%
Niedersachsen2.121km²Landkreis Osnabrück...
22%
Schlwswig-Holstein2.189km²Landkreis Rendsburg-Eckernförde...
22%
Sachsen-Anhalt2.294km²Landkreis Salzwedel...
22%
Bayern1.533km²Landkreis Traunstein...
22%
Baden-Württemberg1.511km²OstalbkreisAalen
22%
Hessen1.539km²Schwalm-Eder-KreisHomberg
22%
Thüringen1.371km²WartburgkreisBad Salzungen
22%
Sachsen-Anhalt2.367km²BördekreisOschersleben
19%
Rheinland-Pfalz1.102km²Landkreis Trier-Saarburg...
19%
Hessen1.458km²VogelsbergkreisLauterbach
19%
Rheinland-Pfalz1.167km²Landkreis Bernkastel-Wittlich...
16%
Bayern1.530km²Landkreis Passau...
16%
Hessen1.848km²Landkreis Waldeck-Frankenberg...
13%

Verteilung der Resultate

Perzentil nach korrekt beantworteten Fragen

Anzahl Personen mit jedem Resultat

Ihre Resultats-Entwicklung

Sie haben dieses Quiz noch nicht gespielt